000 00737nam a2200229 i 4500
001 bgj
100 1 _aMUNIF, 'Abd al-Rahman.
245 1 0 _aCities of salt :
_ba novel /
_cAbdelrahman Munif ; transl. from the Arabic by Peter Theroux.
250 _a1st American ed.
260 _aNew York :
_bRandom House,
_ccop. 1987.
300 _a627 pp ;
_c22 cm.
500 _aTransl. of : Mudun al-milh.
500 _aCorrect spelling of the name of the author 'Abd al-Rahman Munif.
650 9 _aArabic fiction
_y20th century
700 1 _aMunif, Abdelrahman.
_eauth.
020 _a0394570081 (hbk)
040 _cBPK
041 1 _aeng
_harar
920 _a0-394-57008-1 (hbk)
942 _cKS
008 s uk f |000 0 eng
999 _c47265
_d47265